| 000 | 01694nam a2200505 i 4500 | ||
|---|---|---|---|
| 001 | 33922 | ||
| 003 | KOSZ 005 | ||
| 005 | 20200730134041.0 | ||
| 008 | 980713s1996 pl a |001 0 pol | ||
| 015 | _aUWD 1997/107 | ||
| 020 | _a8390501309 | ||
| 035 | _a991004627339705066 | ||
| 035 | _a(PL-WaBN)b11221860-48omnis_nlop | ||
| 035 | _ab11221860 | ||
| 035 | _a(OCoLC)835408086 | ||
| 035 | _a(PL)b0000001122186 | ||
| 035 | _a(EXLNZ-48OMNIS_NETWORK)9910148892405606 | ||
| 040 |
_aWA N _cWA N _dKOSZ 005/HR |
||
| 041 | 1 |
_apol _heng |
|
| 046 | _k1996 | ||
| 080 | _a613.2 | ||
| 080 | _a179 | ||
| 100 | 1 |
_aThrash, Agatha M. _d(1931-2015) _eAutor |
|
| 245 | 1 | 0 |
_aSposób na zdrowe życie : _bporadnik nie tylko dla wegetarian / _cAgatha i Calvin Thrash ; [tł. z ang. Jan Kowalski]. |
| 246 | 1 |
_iTyt. oryg.: _aNutrition for vegetarians |
|
| 260 |
_aPodkowa Leśna : _b"Mini Max", _c1996. |
||
| 300 |
_a192 s. : _brys., 1 wykr. ; _c23 cm. |
||
| 336 |
_aTekst _btxt _2rdacontent |
||
| 337 |
_aBez urządzenia pośredniczącego _bn _2rdamedia |
||
| 338 |
_aWolumin _bnc _2rdacarrier |
||
| 380 | _aKsiążki | ||
| 388 | _a1901-2000 | ||
| 388 | _a1989-2000 | ||
| 504 | _aBibliogr. s. 181-186. - Indeks. | ||
| 650 | 7 |
_aDietetyka _2DBN |
|
| 650 | 7 |
_aWegetarianizm _2DBN |
|
| 650 | 7 |
_aZdrowe odżywianie _2DBN |
|
| 655 | 7 |
_aWydawnictwa popularne _2DBN |
|
| 658 | _aMedycyna i zdrowie | ||
| 700 | 1 |
_aKowalski, Jan _eTłumaczenie |
|
| 700 | 1 |
_aThrash, Calvin L. _d(1928- ) _eAutor |
|
| 856 |
_uhttp://koha.tu.koszalin.pl/cgi-bin/koha/opac-detail.pl?biblionumber=33922 _yKatalog online BPK |
||
| 942 |
_2UKD _cKS |
||
| 999 |
_c33922 _d33922 |
||